Derivatives prove a liquid asset for property markets (Record no. 76278)
[ view plain ]
| 000 -LEADER | |
|---|---|
| fixed length control field | 01121cab a2200181 4500 |
| 001 - CONTROL NUMBER | |
| control field | ##L131805 |
| 008 - FIXED-LENGTH DATA ELEMENTS--GENERAL INFORMATION | |
| fixed length control field | 051209n2005 000 0 eng u |
| 035 ## - SYSTEM CONTROL NUMBER | |
| System control number | (Sirsi) u131805 |
| 041 0# - LANGUAGE CODE | |
| Language code of text/sound track or separate title | eng |
| 245 ## - TITLE STATEMENT | |
| Title | Derivatives prove a liquid asset for property markets |
| 260 ## - PUBLICATION, DISTRIBUTION, ETC. | |
| Date of publication, distribution, etc. | 2005 |
| 490 ## - SERIES STATEMENT | |
| Series statement | EuroProperty |
| Volume/sequential designation | December 2005-January 2006, Office Performance, 14-15(2) |
| 520 ## - SUMMARY, ETC. | |
| Summary, etc. | Analyses the burgeoning UK property derivatives market, set to hit £1bn of trades in 2005, largely using Property Index Certiiificates (PICs) The liquid market has recently attracted the attention of hedge funds. Developments in the second half of 2005 have spurred UK property players to use derivatives to aid their business strategies rather than simply as a way of buying or selling exposure to an all property index. Fund managers now increasingly sell market exposure and retain the upside or alpha they generate on a portfolio. A Swedish PIC is likely to emerge as the first continental instrument |
| 590 ## - LOCAL NOTE (RLIN) | |
| Local note | IKA030106 |
| 650 ## - SUBJECT ADDED ENTRY--TOPICAL TERM | |
| Topical term or geographic name entry element | SWEDEN |
| 690 ## - LOCAL SUBJECT ADDED ENTRY--TOPICAL TERM (OCLC, RLIN) | |
| Topical term or geographic name as entry element | PROPERTY-COMMERCIAL PROPERTY-COMMERCIAL PROPERTY MARKET |
| 942 ## - ADDED ENTRY ELEMENTS (KOHA) | |
| Suppress in OPAC | 0 |
| Withdrawn status | Lost status | Source of classification or shelving scheme | Damaged status | Not for loan | Home library | Current library | Shelving location | Date acquired | Total Checkouts | Full call number | Barcode | Date last seen | Copy number | Price effective from | Koha item type |
|---|---|---|---|---|---|---|---|---|---|---|---|---|---|---|---|
| Dewey Decimal Classification | London | London | Journal article | 09/12/2005 | L131805 | 131805-1001 | 06/08/2019 | 1 | 06/08/2019 | Journal article |